000 00793cab a2200241 4500
001 WB3514-16
008 090401t1999 xxu||||| |||| 00| 0 eng d
035 _a(Sirsi) u92757
041 _aeng
245 _aEA charges to rise by up to 15%
260 _c1999
350 _a0
490 _aEnvironment Information Bulletin
_v(88) April 1999, 5(2)
520 _aProvides an overview of the revised charges for the Environment Agency`s water abstraction and environmental protection licences, which will increase by almost 15%.
650 _aCHARGES
650 _aENVIRONMENT AGENCY
650 _aENVIRONMENTAL PROTECTION CHARGES
650 _aINCREASES
650 _aWATER ABSTRACTION CHARGES
690 _aENVIRONMENTAL AND LAND CONSULTANCY
942 _n0
948 _c15/04/1999
999 _c58793
_d58793